Energía para el alma : (Registro nro. 6849)

Detalles MARC
000 -LEADER
fixed length control field 00914nam a22002177a 4500
003 - CONTROL NUMBER IDENTIFIER
control field OSt
005 - DATE AND TIME OF LATEST TRANSACTION
control field 20200916110822.0
008 - FIXED-LENGTH DATA ELEMENTS--GENERAL INFORMATION
fixed length control field 200916s2008 ck ao||gr|||| 00| 0 spa d
040 ## - CATALOGING SOURCE
Original cataloging agency CO-JMCR
Transcribing agency CO-JMCR
041 ## - LANGUAGE CODE
Language code of text/sound track or separate title spa
082 04 - DEWEY DECIMAL CLASSIFICATION NUMBER
Classification number P /
Item number ENEe
Edition number 23
245 #0 - TITLE STATEMENT
Title Energía para el alma :
Remainder of title antología poética selección época /
250 ## - EDITION STATEMENT
Edition statement Primera edición
260 ## - PUBLICATION, DISTRIBUTION, ETC.
Place of publication, distribution, etc. Florencia :
Name of publisher, distributor, etc. Época,
Date of publication, distribution, etc. 2008.
300 ## - PHYSICAL DESCRIPTION
Extent 172 páginas :
Other physical details fotografías a blanco y negro ;
Dimensions 22 cm.
520 0# - SUMMARY, ETC.
Summary, etc. "Sentir los aromas silvestres del rocío, exóticos murmullos penetrantes de los ríos... un misterioso zumbido acaricia la selva, maliciosas y tiernas arboledas, con picardía sonreían las piedras, carcajadas espontáneas de cascadas.
650 24 - SUBJECT ADDED ENTRY--TOPICAL TERM
Topical term or geographic name entry element Poesía
Geographic subdivision Colombia
9 (RLIN) 10265
650 24 - SUBJECT ADDED ENTRY--TOPICAL TERM
Topical term or geographic name entry element Antología
Form subdivision poesía
Chronological subdivision Colombia
9 (RLIN) 10266
650 24 - SUBJECT ADDED ENTRY--TOPICAL TERM
Topical term or geographic name entry element Autores colombianos
General subdivision poesía
Geographic subdivision Colombia
9 (RLIN) 10267
942 ## - ADDED ENTRY ELEMENTS (KOHA)
Source of classification or shelving scheme Dewey Decimal Classification
Koha item type Books
Existencias
Withdrawn status Lost status Source of classification or shelving scheme Damaged status Not for loan Home library Current library Shelving location Date acquired Source of acquisition Total Checkouts Full call number Barcode Date last seen Date last checked out Copy number Price effective from Koha item type
    Dewey Decimal Classification     Biblioteca Pública José María del Castillo y Rada Biblioteca Pública José María del Castillo y Rada General Stacks 04/15/2018 Donación 4 P / ENEe 201809796 09/26/2025 09/17/2025 Ej.1 04/15/2018 Books